| 000 | 00772cam a2200253 4500 | ||
|---|---|---|---|
| 001 | J1084 | ||
| 008 | 090401t1992 xxu||||| |||| 00| 0 eng d | ||
| 035 | _a(Sirsi) u41676 | ||
| 041 | _aeng | ||
| 050 | _a346.41032 | ||
| 100 | _aStainforth, Alison | ||
| 245 | _aCollateral warranties 1: an introduction. | ||
| 260 |
_aAscot, Berks. _bChartered Institute of Building _c1992 |
||
| 300 | _a7p. ; 30cm. | ||
| 350 | _a3.5 | ||
| 490 |
_aConstruction Papers _v9 |
||
| 650 | _aBUILDING INDUSTRY | ||
| 650 | _aBUILT ENVIRONMENT-BUILDING CONTRACT FORMS-CONSTRUCTION COLLATERAL WARRANTY FORMS | ||
| 690 | _aBUILT ENVIRONMENT-BUILDING CONTRACT FORMS | ||
| 700 | _aThompson, Peter | ||
| 710 |
_aChartered Institute of Building _92134 |
||
| 942 | _n0 | ||
| 948 | _c04/03/1997 | ||
| 999 |
_c90965 _d90965 |
||